000 00508nam a2200145 a 4500
005 20140310183316.0
008 051109s19uu xx 00 eng d
020 _a971-91030-7-8
100 _aDe la Torre, Visitacion "Chit" R.
245 _aThe heart has its reasons :
_bthe legacy of a heart surgeon, Dr. Avenilo P. Aventura /
_cVisitacion "Chit" R. De la Torre.
260 _aMakati City, Philippines :
_bTower Book House,
_cc2005.
300 _a224 p. ; cm.
650 _aSurgery
_xBiography.
942 _cBK
999 _c21267
_d21267